Physics of solar cells : (Record no. 355685)

000 -LEADER
fixed length control field 02071cam a22004217a 4500
001 - CONTROL NUMBER
control field 16349190
003 - CONTROL NUMBER IDENTIFIER
control field Nust- CAS-E
005 - DATE AND TIME OF LATEST TRANSACTION
control field 20180118181410.0
008 - FIXED-LENGTH DATA ELEMENTS--GENERAL INFORMATION
fixed length control field 100726s2009 gw a b 001 0 eng
010 ## - LIBRARY OF CONGRESS CONTROL NUMBER
LC control number 2010483046
015 ## - NATIONAL BIBLIOGRAPHY NUMBER
National bibliography number GBA894584
Source bnb
016 7# - NATIONAL BIBLIOGRAPHIC AGENCY CONTROL NUMBER
Record control number 014681067
Source Uk
020 ## - INTERNATIONAL STANDARD BOOK NUMBER
International Standard Book Number 9783527408573 (pbk.)
020 ## - INTERNATIONAL STANDARD BOOK NUMBER
International Standard Book Number 3527408576 (pbk.)
035 ## - SYSTEM CONTROL NUMBER
System control number (OCoLC)ocn315063311
040 ## - CATALOGING SOURCE
Original cataloging agency UKM
Language of cataloging eng
Transcribing agency UKM
Modifying agency OCLCQ
-- BWX
-- YDXCP
-- OHX
-- CUV
-- AGL
-- CDX
-- HEBIS
-- UWW
-- EUM
-- OCLCQ
-- DLC
042 ## - AUTHENTICATION CODE
Authentication code ukblsr
-- lccopycat
050 00 - LIBRARY OF CONGRESS CALL NUMBER
Classification number TK2960
Item number .W87 2009
082 04 - DEWEY DECIMAL CLASSIFICATION NUMBER
Classification number 621.31244
Edition number 22
Author Mark WUR-P 2009
100 1# - MAIN ENTRY--PERSONAL NAME
Personal name Würfel, Peter,
Titles and words associated with a name Dr.
245 10 - TITLE STATEMENT
Title Physics of solar cells :
Remainder of title from basic principles to advanced concepts /
Statement of responsibility, etc. Peter Würfel ; problems and solutions by Uli Würfel.
250 ## - EDITION STATEMENT
Edition statement 2nd, updated and expanded ed.
260 ## - PUBLICATION, DISTRIBUTION, ETC.
Place of publication, distribution, etc. Weinheim :
Name of publisher, distributor, etc. Wiley-VCH,
Date of publication, distribution, etc. c2009.
300 ## - PHYSICAL DESCRIPTION
Extent xii, 244 p. :
Other physical details ill. ;
Dimensions 24 cm.
490 1# - SERIES STATEMENT
Series statement Physics textbook
502 ## - DISSERTATION NOTE
Dissertation note 0
504 ## - BIBLIOGRAPHY, ETC. NOTE
Bibliography, etc. note Includes bibliographical references (p. 239-240) and index.
505 0# - FORMATTED CONTENTS NOTE
Formatted contents note 1. Problems of the Energy Economy -- 2. Photons -- 3. Semiconductors -- 4. Conversion of Thermal Radiation into Chemical Energy -- 5. Conversion of Chemical Energy into Electrical Energy -- 6. Basic Structure of Solar Cells -- 7. Limitations on Energy Conversion in Solar Cells -- 8. Concepts for Improving the Efficiency of Solar Cells -- Prospects for the Future -- Solutions.
520 8# - SUMMARY, ETC.
Summary, etc. This text contains the latest knowledge on the mechanisms of solar energy conversion. Requiring no more than standard physics knowledge, it enables readers to understand the factors driving conversion efficiency and to apply this knowledge to their own solar cell development.
650 #0 - SUBJECT ADDED ENTRY--TOPICAL TERM
Topical term or geographic name entry element Solar cells.
650 #0 - SUBJECT ADDED ENTRY--TOPICAL TERM
Topical term or geographic name entry element Solar cells
Form subdivision Problems, exercises, etc.
700 1# - ADDED ENTRY--PERSONAL NAME
Personal name Würfel, Uli.
830 #0 - SERIES ADDED ENTRY--UNIFORM TITLE
Uniform title Physics textbook.
906 ## - LOCAL DATA ELEMENT F, LDF (RLIN)
a 7
b cbc
c copycat
d 2
e ncip
f 20
g y-gencatlg
936 ## - OCLC/CONSER MISCELLANEOUS DATA (OCLC); PIECE USED FOR CATALOGING (pre-AACR2) (RLIN)
OCLC control number(s) of parallel record(s) (OCLC); Piece used for cataloging, PUC (RLIN) PR 441942582 316568276 255063761
942 ## - ADDED ENTRY ELEMENTS (KOHA)
Source of classification or shelving scheme
Koha item type Book
Holdings
Withdrawn status Lost status Source of classification or shelving scheme Damaged status Not for loan Collection code Permanent Location Current Location Shelving location Date acquired Source of acquisition Cost, normal purchase price Total Checkouts Full call number Barcode Date last seen Date last checked out Price effective from Koha item type
            US-Pakistan Center for Advanced Studies in Energy (USPCAS-E) US-Pakistan Center for Advanced Studies in Energy (USPCAS-E)   11/25/2015 Victoria Co, 7566.00 1 621.31244 WUR-P 2009 CAS-E0000775 10/27/2016 09/26/2016 11/25/2015 Book
© 2023 Central Library, National University of Sciences and Technology. All Rights Reserved.